000 00789nam0a22002531 4500
001 rc\367134
005 20260405110820.0
010 _a5-7610-0095-4
_930000
035 _a(NLR Aleph) 005598127
090 _a6283816
_c6283816
100 _a20030307d1989 |||y0rusy50 ca
101 0 _arus
102 _aRU
105 _ay |||||||||
200 1 _aИгрушки
_eПовесть
_fЛилия Сорокина
210 _aВолгоград
_cНиж.-Волж. кн. изд-во
_d1989
215 _a175, [1] с.
_d20
700 1 _7ca
_8rus
_aСорокина
_bЛ. П.
_cписательница
_gЛилия Петровна
_924885
_3RU\NLR\AUTH\7741937
801 0 _aRU
_bNLR
_gpsbo
801 1 _aRU
_bELAR
_2rusmarc
852 _aNLR
_j89-3/9462
942 _cBOOK
980 _aNB